书目信息 |
| 题名: |
中国参与全球税收治理法律问题研究
|
|
| 作者: | 崔晓静 著 | |
| 分册: | ||
| 出版信息: | 北京 中国社会科学出版社 2020.08 |
|
| 页数: | 284页 | |
| 开本: | 24cm | |
| 丛书名: | ||
| 单 册: | ||
| 中图分类: | F812.423 , D996.3 | |
| 科图分类: | ||
| 主题词: | 国际税收--guo ji shui shou--税收管理--研究--中国 , 国际税法--guo ji shui fa--研究 | |
| 电子资源: | ||
| ISBN: | 978-7-5203-7146-9 | |
| 000 | 01044nam0 2200277 450 | |
| 001 | 202021192707 | |
| 005 | 20211025120136.0 | |
| 010 | @a978-7-5203-7146-9@dCNY98.00 | |
| 100 | @a20210925d2020 em y0chiy50 ea | |
| 101 | 0 | @achi |
| 102 | @aCN@b110000 | |
| 105 | @aa a 000yy | |
| 106 | @ar | |
| 200 | 1 | @a中国参与全球税收治理法律问题研究@Azhong guo can yu quan qiu shui shou zhi li fa lu^ wen ti yan jiu@f崔晓静著 |
| 210 | @a北京@c中国社会科学出版社@d2020.08 | |
| 215 | @a284页@c图@d24cm | |
| 314 | @a崔晓静, 武汉大学法学院教授、博士生导师, 武汉大学珞珈特聘教授。 | |
| 320 | @a有书目 | |
| 330 | @a本书主要内容包括: 全球税收治理的基本架构研究、后BEPS时代中国国国妹图看你收法律问题研究、国际税收透明度建设及中国的应对、“一带一路”倡仪下的国际税收治理研究。 | |
| 606 | 0 | @a国际税收@Aguo ji shui shou@x税收管理@x研究@y中国 |
| 606 | 0 | @a国际税法@Aguo ji shui fa@x研究 |
| 690 | @aF812.423@v5 | |
| 690 | @aD996.3@v5 | |
| 701 | 0 | @a崔晓静@Acui xiao jing@4著 |
| 801 | 0 | @aCN@c20210909 |
| 905 | @a河南城建学院图书馆@dF812.423@eC975 | |
| 中国参与全球税收治理法律问题研究/崔晓静著.-北京:中国社会科学出版社,2020.08 |
| 284页:图;24cm |
| ISBN 978-7-5203-7146-9:CNY98.00 |
| 本书主要内容包括: 全球税收治理的基本架构研究、后BEPS时代中国国国妹图看你收法律问题研究、国际税收透明度建设及中国的应对、“一带一路”倡仪下的国际税收治理研究。 |
| ● |
| 相关链接 |
|
|
|
正题名:中国参与全球税收治理法律问题研究
索取号:F812.423/C975
 
预约/预借
| 序号 | 登录号 | 条形码 | 馆藏地/架位号 | 状态 | 备注 |
| 1 | 1541975 | 215419759 | 社科库409/409社科库 50排1列2层/ [索取号:F812.423/C975] | 在馆 | |
| 2 | 1541976 | 215419768 | 社科库409/409社科库 50排1列2层/ [索取号:F812.423/C975] | 在馆 |